| 000 | 00626nam a22002177a 4500 | ||
|---|---|---|---|
| 999 |
_c18104 _d18104 |
||
| 003 | AR-CdUCM | ||
| 008 | 190511b ||||| |||| 00| 0 spa d | ||
| 040 |
_aMUNICIPALIDAD PROVINCIAL DEL CUSCO _cBIBLIOTECA MUNICIPAL DEL CUSCO |
||
| 082 |
_a848.9 / _bB29 |
||
| 100 |
_aBeauvoir, Simone _938495 |
||
| 245 | _aLa invitada / | ||
| 260 |
_aBuenos Aires : _bSudamericana, _c1975. |
||
| 300 |
_a419 páginas ; _c20 cm. |
||
| 440 |
_aColeccion Piragua _913120 |
||
| 505 | _aContenido : Novela. | ||
| 650 |
_aLiteratura _983 |
||
| 650 |
_aNovela _95 |
||
| 700 |
_aBullrich, Silvina _938496 |
||
| 942 |
_2ddc _cLIBROS |
||
| 945 | _arcc | ||